<?xml version="1.0" encoding="UTF-8"?>
<record
    xmlns:xsi="http://www.w3.org/2001/XMLSchema-instance"
    xsi:schemaLocation="http://www.loc.gov/MARC21/slim http://www.loc.gov/standards/marcxml/schema/MARC21slim.xsd"
    xmlns="http://www.loc.gov/MARC21/slim">

  <leader>01824cam a2200337 a 4500</leader>
  <controlfield tag="001">000006980</controlfield>
  <controlfield tag="005">20200929154034.0</controlfield>
  <controlfield tag="008">950623s1993    ec       b    001 0dspa d</controlfield>
  <datafield tag="040" ind1=" " ind2=" ">
    <subfield code="a">DO-SdBNP</subfield>
    <subfield code="c">NjP</subfield>
    <subfield code="d">DLC</subfield>
  </datafield>
  <datafield tag="082" ind1=" " ind2=" ">
    <subfield code="a">923.46</subfield>
    <subfield code="b">M516e</subfield>
  </datafield>
  <datafield tag="245" ind1="0" ind2="0">
    <subfield code="a">Mej&#xED;a en Cadiz /</subfield>
    <subfield code="c">Alfredo Flores y Caama&#xF1;o, [et al.].</subfield>
  </datafield>
  <datafield tag="260" ind1=" " ind2=" ">
    <subfield code="a">Quito :</subfield>
    <subfield code="b">Comisi&#xF3;n Nacional Permanente de Conmemoraciones C&#xED;vicas,</subfield>
    <subfield code="c">1993.</subfield>
  </datafield>
  <datafield tag="300" ind1=" " ind2=" ">
    <subfield code="a">2 v. ;</subfield>
    <subfield code="c">21 cm.</subfield>
  </datafield>
  <datafield tag="490" ind1="1" ind2=" ">
    <subfield code="a">Comisi&#xF3;n Nacional Permanente de Conmemoraciones C&#xED;vicas</subfield>
    <subfield code="v">v. 1/13A</subfield>
  </datafield>
  <datafield tag="490" ind1="1" ind2=" ">
    <subfield code="a">Comisi&#xF3;n Nacional Permanente de Conmemoraciones C&#xED;vicas</subfield>
    <subfield code="v">v. 2/13B</subfield>
  </datafield>
  <datafield tag="500" ind1=" " ind2=" ">
    <subfield code="a">Vol 2 fue publicado originalmente en Barcelona en 1913 bajo el t&#xED;tulo: Don Jos&#xE9; Mej&#xED;a Lequerica en las Cortes de C&#xE1;diz de 1810 a 1813.</subfield>
  </datafield>
  <datafield tag="504" ind1=" " ind2=" ">
    <subfield code="a">Incluye referencias bibliogr&#xE1;ficas.</subfield>
  </datafield>
  <datafield tag="505" ind1="0" ind2=" ">
    <subfield code="a">v. 1. Estudios introductorios / Marcos G&#xE1;ndara Enr&#xED;quez [... et al.]. Constituci&#xF3;n de C&#xE1;diz - v. 2. Combatiente de precursores y de la libertad.</subfield>
  </datafield>
  <datafield tag="600" ind1="1" ind2="4">
    <subfield code="a">MEJ&#xCD;A LEQUERICA, JOS&#xC9;,</subfield>
    <subfield code="d">1775-1813.</subfield>
    <subfield code="9">19402</subfield>
  </datafield>
  <datafield tag="651" ind1=" " ind2="4">
    <subfield code="a">Latinoam&#xE9;rica</subfield>
    <subfield code="x">Pol&#xED;tica Y Gobierno</subfield>
    <subfield code="y">1806-1830.</subfield>
    <subfield code="9">19403</subfield>
  </datafield>
  <datafield tag="651" ind1=" " ind2="4">
    <subfield code="a">Espa&#xF1;a</subfield>
    <subfield code="x">Pol&#xED;tica Y Gobierno</subfield>
    <subfield code="y">1808-1814.</subfield>
    <subfield code="9">19404</subfield>
  </datafield>
  <datafield tag="651" ind1=" " ind2="4">
    <subfield code="a">Cadiz (Espa&#xF1;a{Rpara}</subfield>
    <subfield code="x">Historia</subfield>
    <subfield code="9">19405</subfield>
  </datafield>
  <datafield tag="700" ind1="1" ind2=" ">
    <subfield code="a">Flores y Caama&#xF1;o, Alfredo,</subfield>
    <subfield code="d">1888-</subfield>
    <subfield code="9">19406</subfield>
  </datafield>
  <datafield tag="700" ind1="1" ind2=" ">
    <subfield code="a">G&#xE1;ndara Enr&#xED;quez, Marcos,</subfield>
    <subfield code="d">1919-</subfield>
    <subfield code="9">19407</subfield>
  </datafield>
  <datafield tag="700" ind1="1" ind2=" ">
    <subfield code="a">Mej&#xED;a Lequerica, Jos&#xE9;,</subfield>
    <subfield code="d">1775-1813.</subfield>
    <subfield code="t">Don Jos&#xE9; Mej&#xED;a Lequerica en las Cortes de C&#xE1;diz de 1810 a 1813.</subfield>
    <subfield code="9">19408</subfield>
  </datafield>
  <datafield tag="710" ind1="1" ind2=" ">
    <subfield code="a">Espa&#xF1;a</subfield>
    <subfield code="b">Cortes (1810-1813)</subfield>
    <subfield code="9">19409</subfield>
  </datafield>
  <datafield tag="710" ind1="1" ind2=" ">
    <subfield code="a">Ecuador.</subfield>
    <subfield code="b">Comision Nacional Permanente de Conmemoraciones Civicas.</subfield>
    <subfield code="9">9128</subfield>
  </datafield>
  <datafield tag="830" ind1=" " ind2="0">
    <subfield code="a">Comisi&#xF3;n Nacional Permanente de Conmemoraciones C&#xED;vicas ;</subfield>
    <subfield code="v">v. 1/13A</subfield>
    <subfield code="9">19410</subfield>
  </datafield>
  <datafield tag="830" ind1=" " ind2="0">
    <subfield code="a">Comisi&#xF3;n Nacional Permanente de Conmemoraciones C&#xED;vicas ;</subfield>
    <subfield code="v">v. 2/13B</subfield>
    <subfield code="9">19410</subfield>
  </datafield>
  <datafield tag="910" ind1=" " ind2=" ">
    <subfield code="a">Catalogaci&#xF3;n por copia / LC</subfield>
  </datafield>
  <datafield tag="952" ind1=" " ind2=" ">
    <subfield code="0">0</subfield>
    <subfield code="1">0</subfield>
    <subfield code="5">2</subfield>
    <subfield code="7">0</subfield>
    <subfield code="8">MO</subfield>
    <subfield code="a">GR</subfield>
    <subfield code="b">GR</subfield>
    <subfield code="c">CT</subfield>
    <subfield code="d">2009-09-03</subfield>
    <subfield code="i">LF1</subfield>
    <subfield code="l">0</subfield>
    <subfield code="o">923.46 M516e</subfield>
    <subfield code="p">6980-10</subfield>
    <subfield code="r">2020-06-25</subfield>
    <subfield code="w">2020-06-25</subfield>
    <subfield code="y">2</subfield>
    <subfield code="Z">Pr&#xE9;stamo interno</subfield>
  </datafield>
  <datafield tag="999" ind1=" " ind2=" ">
    <subfield code="c">6764</subfield>
    <subfield code="d">6764</subfield>
  </datafield>
</record>
